Skip to main content
Your cart is empty.
Your lists
Log in to create your own lists
Your cookies
العربية
English
العربية
Home
Search
Advanced search
Authority search
About
The noble scholar, jurist, historian
His Excellency Dr. Abdul Wahhab bin Ibrahim Abu Sulaiman, may Allah have mercy on him.
He was born in Umm Al-Qura in the year 1356 AH.
Library catalog
Title
Author
Subject
ISBN
ISSN
Series
Call number
Log in to your account
×
Login:
Password:
Home
MARC view: شرح عقود اللجين في بيان حقوق الزوجين /
Normal view
MARC view
ISBD view
شرح عقود اللجين في بيان حقوق الزوجين / (Record no. 14580)
[
view plain
]
MARC details
000 -LEADER
fixed length control field
01528cam a22003131i 4500
003 - CONTROL NUMBER IDENTIFIER
control field
SA-RiAUC
005 - DATE AND TIME OF LATEST TRANSACTION
control field
20260315115712.0
008 - FIXED-LENGTH DATA ELEMENTS--GENERAL INFORMATION
fixed length control field
260112s1918 ua g 000r0 ara c
040 ## - CATALOGING SOURCE
Original cataloging agency
SA-MaUQU
Language of cataloging
ara
Transcribing agency
SA-RiAUC
Description conventions
rda
050 #4 - LIBRARY OF CONGRESS CALL NUMBER
Item number
.N39 1918
082 04 - DEWEY DECIMAL CLASSIFICATION NUMBER
Classification number
254.1
Assigning agency
SA-RiAUC
090 ## - LOCALLY ASSIGNED LC-TYPE CALL NUMBER (OCLC); LOCAL CALL NUMBER (RLIN)
Classification number (OCLC) (R) ; Classification number, CALL (RLIN) (NR)
م ن 254.1
Local cutter number (OCLC) ; Book number/undivided call number, CALL (RLIN)
ن و و
100 1# - MAIN ENTRY--PERSONAL NAME
Personal name
نووي الجاوي، محمد بن عمر بن عربي،
Dates associated with a name
1230-1316 هجري
Relator term
مؤلف.
245 10 - TITLE STATEMENT
Title
شرح عقود اللجين في بيان حقوق الزوجين /
Statement of responsibility, etc.
تأليف الشيخ الفاضل محمد بن عمر نووي.
264 #1 - PRODUCTION, PUBLICATION, DISTRIBUTION, MANUFACTURE, AND COPYRIGHT NOTICE
Place of production, publication, distribution, manufacture
القاهرة :
Name of producer, publisher, distributor, manufacturer
عيسى البابي الحلبي وشركاه،
Date of production, publication, distribution, manufacture, or copyright notice
1918
264 #3 - PRODUCTION, PUBLICATION, DISTRIBUTION, MANUFACTURE, AND COPYRIGHT NOTICE
Place of production, publication, distribution, manufacture
[مكان الطبع غير محدد] :
Name of producer, publisher, distributor, manufacturer
مطبعة دار إحياء الكتب العربية
300 ## - PHYSICAL DESCRIPTION
Extent
23 صفحة ؛
Dimensions
29 سم
336 ## - CONTENT TYPE
Content type term
نص
Content type code
txt
Source
rdacontent
Materials specified
كتاب
337 ## - MEDIA TYPE
Media type term
بدون وسيط
Media type code
n
Source
rdamedia
338 ## - CARRIER TYPE
Carrier type term
مجلد
Carrier type code
nc
Source
rdacarrier
650 #7 - SUBJECT ADDED ENTRY--TOPICAL TERM
Topical term or geographic name entry element
الزواج (فقه إسلامي)
Source of heading or term
aucsh
650 #7 - SUBJECT ADDED ENTRY--TOPICAL TERM
Topical term or geographic name entry element
الحقوق الزوجية (فقه إسلامي)
Source of heading or term
aucsh
650 #7 - SUBJECT ADDED ENTRY--TOPICAL TERM
Topical term or geographic name entry element
الأزواج والزوجات (فقه إسلامي)
Source of heading or term
aucsh
650 #7 - SUBJECT ADDED ENTRY--TOPICAL TERM
Topical term or geographic name entry element
الأحوال الشخصية للمسلمين
Source of heading or term
aucsh
653 ## - INDEX TERM--UNCONTROLLED
Uncontrolled term
النوادر
700 12 - ADDED ENTRY--PERSONAL NAME
Relationship information
شرح لـ (عمل) :
Personal name
نووي الجاوي، محمد بن عمر بن عربي،
Dates associated with a name
1230-1316 هجري.
Title of a work
عقود اللجين في بيان حقوق الزوجين
942 ## - ADDED ENTRY ELEMENTS (KOHA)
Source of classification or shelving scheme
Dewey Decimal Classification
Koha item type
كتاب مصور نادر
Suppress in OPAC
No
949 ## - LOCAL PROCESSING INFORMATION (OCLC)
a
SA-JeALM
d
260112
u
mohamedma123
n
1
Holdings
Withdrawn status
Lost status
Source of classification or shelving scheme
Damaged status
Not for loan
Home library
Current library
Date acquired
Total checkouts
Full call number
Barcode
Date last seen
Price effective from
Koha item type
Dewey Decimal Classification
DR AbdElwahab Library
DR AbdElwahab Library
03/15/2026
م ن 254.1 ن و و
000023074
03/15/2026
03/15/2026
كتاب مصور نادر
Place hold
Print
Add to your cart
(remove)
Save record
BIBTEX
Dublin Core
MARCXML
MARC (non-Unicode/MARC-8)
MARC (Unicode/UTF-8)
MARC (Unicode/UTF-8, Standard)
MODS (XML)
RIS
ISBD
More searches
Search for this title in:
Other Libraries (WorldCat)
Other Databases (Google Scholar)
Online Stores (Bookfinder.com)
Open Library (openlibrary.org)
Exporting to Dublin Core...
×
Simple DC-RDF
OAI-DC
SRW-DC